[Event "Olympiad-45"]
[Site "Budapest"]
[Date "2024.09.19"]
[Round "8.1"]
[White "Michaelides, Konstantinos"]
[Black "Hamperl, Fred A"]
[Result "1-0"]
[WhiteElo "2297"]
[BlackElo "1977"]
[PlyCount "81"]
[EventDate "2024.09.11"]
[EventType "team-swiss"]
[EventRounds "11"]
[EventCountry "HUN"]
[SourceTitle "EXT 2025"]
[Source "ChessBase"]
[SourceDate "2024.10.14"]
[SourceVersion "1"]
[SourceVersionDate "2024.10.14"]
[SourceQuality "1"]
[WhiteTeam "Cyprus"]
[BlackTeam "Guernsey"]
[WhiteTeamCountry "CYP"]
[BlackTeamCountry "GCI"]

1. d4 d5 2. c4 e6 3. Nf3 Nf6 4. g3 Bb4+ 5. Bd2 Be7 6. Bg2 0-0 7. 0-0 Nbd7 8. c5 c6 9. Nc3 Ne4 10. Qc2 Nxd2 11. Nxd2 e5 12. dxe5 Nxc5 13. Rad1 Qc7 14. f4 f6 15. exf6 Bxf6 16. Nb3 Nxb3 17. Nxd5 Qf7 18. Nxf6+ gxf6 19. axb3 Be6 20. Rd3 Qc7 21. b4 Rad8 22. Rfd1 Rxd3 23. Qxd3 Qb6+ 24. Qd4 Qxd4+ 25. Rxd4 Kf7 26. Kf2 Rc8 27. Rd2 Ke7 28. Be4 h6 29. Ke3 Rc7 30. f5 Bf7 31. g4 Bg8 32. Kf4 Rd7 33. Rxd7+ Kxd7 34. h4 Kd6 35. Bf3 b6 36. g5 fxg5+ 37. hxg5 hxg5+ 38. Kxg5 c5 39. bxc5+ bxc5 40. Kf6 a5 41. e4 1-0

[Event "EU Small Countries ol 8th"]
[Site "St Helier"]
[Date "2023.10.30"]
[Round "2.2"]
[White "Hamperl, Fred A"]
[Black "Porras Mateo, Felipe"]
[Result "0-1"]
[WhiteElo "1998"]
[BlackElo "2350"]
[PlyCount "46"]
[EventDate "2023.10.29"]
[EventType "team-tourn"]
[EventRounds "9"]
[EventCountry "GCI"]
[SourceTitle "CBM 217 Extra"]
[Source "ChessBase"]
[SourceDate "2024.01.31"]
[SourceVersion "1"]
[SourceVersionDate "2024.01.31"]
[SourceQuality "1"]
[WhiteTeam "Guernsey"]
[BlackTeam "Andorra"]
[WhiteTeamCountry "GCI"]
[BlackTeamCountry "AND"]

1. e4 e5 2. Nf3 Nc6 3. d4 exd4 4. Nxd4 Nf6 5. Nxc6 bxc6 6. Bd3 d5 7. e5 Ng4 8. Bf4 g5 9. Bg3 Bg7 10. 0-0 h5 11. h3 h4 12. hxg4 hxg3 13. fxg3 Bxe5 14. c3 Rb8 15. Qf3 Qe7 16. Nd2 Rxb2 17. Nb3 Bxc3 18. Bf5 Rxb3 19. axb3 Bd4+ 20. Rf2 Bxa1 21. Qd1 Qf6 22. Bxc8 Bd4 23. Bf5 Qe5 0-1

[Event "EU Small Countries ol 8th"]
[Site "St Helier"]
[Date "2023.10.30"]
[Round "3.2"]
[White "Volpinari, Danilo"]
[Black "Hamperl, Fred A"]
[Result "1-0"]
[WhiteElo "1900"]
[BlackElo "1998"]
[PlyCount "136"]
[EventDate "2023.10.29"]
[EventType "team-tourn"]
[EventRounds "9"]
[EventCountry "GCI"]
[SourceTitle "CBM 217 Extra"]
[Source "ChessBase"]
[SourceDate "2024.01.31"]
[SourceVersion "1"]
[SourceVersionDate "2024.01.31"]
[SourceQuality "1"]
[WhiteTeam "San Marino"]
[BlackTeam "Guernsey"]
[WhiteTeamCountry "SMR"]
[BlackTeamCountry "GCI"]

1. e4 c5 2. Nf3 Nc6 3. Bc4 e5 4. 0-0 Be7 5. Re1 Nf6 6. c3 0-0 7. d3 d6 8. h3 a6 9. a4 Na5 10. Ba2 Be6 11. Bxe6 fxe6 12. b4 cxb4 13. cxb4 Nc6 14. Qb3 Qd7 15. Nbd2 b5 16. axb5 axb5 17. Bb2 Rxa1 18. Rxa1 Bd8 19. Rc1 Re8 20. Qc3 Ne7 21. d4 exd4 22. Nxd4 e5 23. Nc6 Bb6 24. Nxe7+ Rxe7 25. Qc6 Qa7 26. Rf1 Rc7 27. Qxd6 Rc2 28. Bxe5 Bxf2+ 29. Rxf2 Qxf2+ 30. Kxf2 Nxe4+ 31. Ke3 Nxd6 32. Bxd6 Kf7 33. Kd3 Ra2 34. Be5 g6 35. g3 Ke6 36. Bc3 Kd5 37. Ne4 h5 38. h4 Rg2 39. Bd2 Rg1 40. Nc3+ Kc6 41. Ne2 Ra1 42. Be3 Rf1 43. Ke4 Rb1 44. Bc5 Re1 45. Kf3 Rf1+ 46. Kg2 Rf6 47. Nd4+ Kd5 48. Nxb5 g5 49. Nc3+ Ke5 50. Be7 Rc6 51. hxg5 Kf5 52. Bf6 Rc4 53. b5 Rb4 54. Kf3 h4 55. gxh4 Rxh4 56. Ke3 Rb4 57. Ne2 Rb3+ 58. Kd2 Ke4 59. Nc3+ Kf5 60. Kc2 Rb4 61. Be7 Rd4 62. Kb3 Rd7 63. Bf6 Ke6 64. Kb4 Kd6 65. Ne4+ Kd5 66. Nc5 Rf7 67. b6 Kc6 68. b7 Kd5 1-0

[Event "Guernsey op 45th"]
[Site "Vale"]
[Date "2019.10.22"]
[Round "3"]
[White "Sikkel, Dirk"]
[Black "Hamperl, Fred A"]
[Result "1/2-1/2"]
[WhiteElo "1918"]
[BlackElo "1995"]
[PlyCount "70"]
[EventDate "2019.10.20"]
[EventType "swiss"]
[EventRounds "7"]
[EventCountry "GCI"]
[SourceTitle "EXT 2021"]
[Source "ChessBase"]
[SourceDate "2020.10.23"]
[SourceVersion "1"]
[SourceVersionDate "2020.10.23"]
[SourceQuality "1"]

1. e4 c5 2. Nf3 e6 3. b3 b6 4. Bb2 Bb7 5. Qe2 Nc6 6. g3 Nf6 7. e5 Ng4 8. Bg2 Be7 9. 0-0 0-0 10. h3 Nh6 11. d3 f5 12. Nbd2 Qc7 13. a4 g6 14. Rfe1 Rae8 15. c3 Nf7 16. Rac1 Qb8 17. d4 cxd4 18. cxd4 Nb4 19. Red1 Rc8 20. Nc4 Bd5 21. Nfd2 Bxg2 22. Kxg2 b5 23. axb5 Qxb5 24. f4 Nd5 25. Qf3 g5 26. Ne3 Nxe3+ 27. Qxe3 Kh8 28. Nc4 gxf4 29. gxf4 Rg8+ 30. Kh2 Qd5 31. Rg1 Rb8 32. Rxg8+ Rxg8 33. Rg1 Rxg1 34. Kxg1 Nd8 35. Qe2 Nc6 1/2-1/2

[Event "EU Small Countries ol 6th"]
[Site "San Marino"]
[Date "2019.03.29"]
[Round "8.4"]
[White "Hamperl, Fred A"]
[Black "De la Riva Aguado, Oscar"]
[Result "0-1"]
[WhiteElo "2066"]
[BlackElo "2459"]
[PlyCount "48"]
[EventDate "2019.03.24"]
[EventType "team-tourn"]
[EventRounds "9"]
[EventCountry "SMR"]
[SourceTitle "CBM 189 Extra"]
[Source "ChessBase"]
[SourceDate "2019.05.31"]
[SourceVersion "1"]
[SourceVersionDate "2019.05.31"]
[SourceQuality "1"]
[WhiteTeam "Guernsey"]
[BlackTeam "Andorra"]
[WhiteTeamCountry "GCI"]
[BlackTeamCountry "AND"]

1. e4 c5 2. Nc3 Nc6 3. Bb5 Nd4 4. Bc4 Nf6 5. Nge2 a6 6. d3 e6 7. Nxd4 cxd4 8. Ne2 d5 9. exd5 exd5 10. Bb3 Bc5 11. 0-0 0-0 12. Bg5 Be6 13. Nf4 h6 14. Bxf6 Qxf6 15. Nxd5 Qg5 16. f4 Qf5 17. g4 Qxg4+ 18. Qxg4 Bxg4 19. f5 Rae8 20. Rf4 h5 21. Raf1 Re2 22. R1f2 Rfe8 23. f6 g5 24. Ne7+ R2xe7 0-1

[Event "EU Small Countries ol 6th"]
[Site "San Marino"]
[Date "2019.03.24"]
[Round "1.3"]
[White "Frick, Renato"]
[Black "Hamperl, Fred A"]
[Result "1/2-1/2"]
[WhiteElo "2009"]
[BlackElo "2066"]
[PlyCount "58"]
[EventDate "2019.03.24"]
[EventType "team-tourn"]
[EventRounds "9"]
[EventCountry "SMR"]
[SourceTitle "CBM 189 Extra"]
[Source "ChessBase"]
[SourceDate "2019.05.31"]
[SourceVersion "1"]
[SourceVersionDate "2019.05.31"]
[SourceQuality "1"]
[WhiteTeam "Liechtenstein"]
[BlackTeam "Guernsey"]
[WhiteTeamCountry "LIE"]
[BlackTeamCountry "GCI"]

1. e4 c5 2. Nf3 Nc6 3. d4 cxd4 4. Nxd4 e5 5. Nb5 d6 6. N1c3 a6 7. Na3 b5 8. Nd5 Nce7 9. c4 Nxd5 10. exd5 bxc4 11. Nxc4 Nf6 12. Bg5 Be7 13. Bxf6 Bxf6 14. Qa4+ Kf8 15. Qc6 Bg4 16. f3 Bh5 17. Be2 Bh4+ 18. g3 Be7 19. 0-0 f5 20. Rac1 Be8 21. Qb6 Bb5 22. Qxd8+ Bxd8 23. b3 Ke7 24. a4 Bd7 25. Kg2 h5 26. Bd3 Rb8 27. Rb1 Rb4 28. Ne3 f4 29. Nc2 Rb6 1/2-1/2

[Event "Guernsey op 43rd"]
[Site "Vale"]
[Date "2017.10.20"]
[Round "6"]
[White "Hamperl, Fred A"]
[Black "Sielicki, Tomasz"]
[Result "1-0"]
[WhiteElo "2062"]
[BlackElo "1997"]
[PlyCount "101"]
[EventDate "2017.10.15"]
[EventType "swiss"]
[EventRounds "7"]
[EventCountry "GCI"]
[SourceTitle "CBM 181 Extra"]
[Source "ChessBase"]
[SourceDate "2017.12.12"]
[SourceVersion "1"]
[SourceVersionDate "2017.12.12"]
[SourceQuality "1"]

1. e4 e5 2. Nf3 Nc6 3. d4 exd4 4. Nxd4 Nf6 5. Nxc6 bxc6 6. Bd3 d5 7. exd5 cxd5 8. 0-0 Be7 9. c4 0-0 10. cxd5 Bb7 11. Nc3 Nxd5 12. Bd2 Nb4 13. Be4 Bxe4 14. Nxe4 Rb8 15. Bc3 f5 16. Ng3 g6 17. Qe2 Rf7 18. Rfd1 Qc8 19. Qc4 Rb6 20. a3 Rc6 21. Qb5 Rb6 22. Qa4 Na6 23. Rd5 Bf6 24. Re1 Re6 25. Red1 Qb7 26. Bxf6 Rexf6 27. Rd8+ Kg7 28. R1d7 Qb6 29. Rxf7+ Rxf7 30. Rd7 Qe6 31. Qd4+ Qf6 32. Rxf7+ Kxf7 33. Qxa7 Qc6 34. Qd4 Qe6 35. h3 c5 36. Qc3 c4 37. Nf1 Nc5 38. Ne3 Na4 39. Qb4 Nb6 40. a4 f4 41. Ng4 h5 42. Ne5+ Qxe5 43. Qxb6 Kg7 44. a5 f3 45. a6 fxg2 46. Qb7+ Kh6 47. a7 c3 48. bxc3 Qxc3 49. a8Q Qe1+ 50. Kxg2 Qe5 51. Qf3 1-0

[Event "Forio Festival Ischia 7th"]
[Site "Forio"]
[Date "2015.08.02"]
[Round "7.4"]
[White "Hamperl, Fred A"]
[Black "Tortora, Antonio"]
[Result "1-0"]
[WhiteElo "2080"]
[BlackElo "1798"]
[PlyCount "123"]
[EventDate "2015.07.25"]
[EventType "tourn"]
[EventRounds "7"]
[EventCountry "ITA"]
[SourceTitle "EXT 2024"]
[Source "ChessBase"]
[SourceDate "2023.10.10"]
[SourceVersion "1"]
[SourceVersionDate "2023.10.10"]
[SourceQuality "1"]

1. e4 d6 2. d4 Nf6 3. Nc3 e5 4. Nf3 Nbd7 5. Be2 Be7 6. h3 0-0 7. Be3 c6 8. a4 exd4 9. Nxd4 Nc5 10. Bf3 a5 11. 0-0 Re8 12. Re1 Bf8 13. Bg5 Be7 14. Bf4 Ne6 15. Be3 Nxd4 16. Qxd4 Be6 17. Rad1 Nd7 18. Be2 Nc5 19. f4 Bf6 20. e5 Bh4 21. Rf1 d5 22. f5 Bxf5 23. Rxf5 Ne6 24. Qg4 g6 25. Rff1 h5 26. Qf3 Qe7 27. g3 Bg5 28. Bf4 h4 29. Qg4 hxg3 30. Bxg3 Ng7 31. Bd3 Be3+ 32. Kh2 Qg5 33. Qxg5 Bxg5 34. Rde1 Nh5 35. Ne2 Bd2 36. Rd1 Bh6 37. Nf4 Nxg3 38. Kxg3 Rxe5 39. Rde1 Rae8 40. Rxe5 Rxe5 41. Kg4 Rg5+ 42. Kf3 Re5 43. h4 d4 44. Ng2 Kg7 45. Re1 Kf6 46. Kg4 c5 47. Bc4 Rxe1 48. Nxe1 Ke7 49. Nd3 f5+ 50. Kf3 b6 51. Ne5 g5 52. hxg5 Bxg5 53. b3 Bd2 54. Ng6+ Kf6 55. Nf4 Bxf4 56. Kxf4 Kg6 57. Bd3 Kf6 58. Bxf5 Ke7 59. Ke5 b5 60. Kd5 c4 61. axb5 d3 62. bxc4 1-0

[Event "Forio Festival Ischia 7th"]
[Site "Forio"]
[Date "2015.08.01"]
[Round "6.1"]
[White "Volpinari, Danilo"]
[Black "Hamperl, Fred A"]
[Result "0-1"]
[WhiteElo "2001"]
[BlackElo "2080"]
[PlyCount "74"]
[EventDate "2015.07.25"]
[EventType "tourn"]
[EventRounds "7"]
[EventCountry "ITA"]
[SourceTitle "EXT 2024"]
[Source "ChessBase"]
[SourceDate "2023.10.10"]
[SourceVersion "1"]
[SourceVersionDate "2023.10.10"]
[SourceQuality "1"]

1. b3 e5 2. Bb2 Nc6 3. e4 d6 4. Nf3 f5 5. d3 Nf6 6. Nc3 Be7 7. Qd2 0-0 8. Be2 Qe8 9. h3 Bd7 10. g3 a5 11. a4 Nd4 12. exf5 Nxe2 13. Qxe2 Bxf5 14. 0-0-0 Qc6 15. Nd2 Rae8 16. Qf3 Bd7 17. Qe2 Nd5 18. Nde4 Nb4 19. Kb1 d5 20. Nd2 d4 21. Nce4 Qxc2+ 22. Ka1 Qxd3 23. Qh5 Bd6 24. Rhe1 Nc2+ 25. Ka2 Nxe1 26. Rxe1 Bb4 27. Rd1 Bxd2 28. Nxd2 Rxf2 29. Nc4 Qf5 30. Qh4 Qxh3 31. Qg5 Qf5 32. Qh4 b5 33. axb5 Bxb5 34. Na3 Bd7 35. Qh1 Qf3 36. Qe1 Re2 37. Qg1 Rb8 0-1

[Event "Forio Festival Ischia 7th"]
[Site "Forio"]
[Date "2015.07.30"]
[Round "4.2"]
[White "Hamperl, Fred A"]
[Black "Auletta, Angelo"]
[Result "0-1"]
[WhiteElo "2080"]
[BlackElo "2129"]
[PlyCount "86"]
[EventDate "2015.07.25"]
[EventType "tourn"]
[EventRounds "7"]
[EventCountry "ITA"]
[SourceTitle "EXT 2024"]
[Source "ChessBase"]
[SourceDate "2023.10.10"]
[SourceVersion "1"]
[SourceVersionDate "2023.10.10"]
[SourceQuality "1"]

1. e4 c5 2. Nc3 e6 3. f4 a6 4. Nf3 Nc6 5. d3 d5 6. Be2 b5 7. 0-0 b4 8. Na4 Nf6 9. e5 Nd7 10. Qe1 Qc7 11. c3 a5 12. Be3 Ba6 13. Qf2 bxc3 14. bxc3 Qa7 15. Rab1 Rc8 16. Rfc1 Be7 17. Kh1 0-0 18. Rc2 f6 19. d4 Bxe2 20. Qxe2 fxe5 21. fxe5 cxd4 22. Nxd4 Nxd4 23. Bxd4 Qc7 24. Qa6 Qc6 25. Qxc6 Rxc6 26. Rcb2 Nc5 27. Nb6 Ne4 28. g3 Ba3 29. Rb5 Nxc3 30. Bxc3 Rxc3 31. Rxa5 Rf2 32. Nd7 Kf7 33. Kg1 Rb2 34. Rb5 Rcc2 35. Rb3 Rg2+ 36. Kh1 Rxh2+ 37. Kg1 Rhg2+ 38. Kh1 Rge2 39. Rb7 Kg6 40. Rb6 Kf5 41. g4+ Kxg4 42. Rxe6 d4 43. Rg1+ Kh3 0-1

[Event "Forio Festival Ischia 7th"]
[Site "Forio"]
[Date "2015.07.25"]
[Round "1.2"]
[White "Delizia, Constantino"]
[Black "Hamperl, Fred A"]
[Result "1/2-1/2"]
[WhiteElo "2111"]
[BlackElo "2080"]
[PlyCount "97"]
[EventDate "2015.07.25"]
[EventType "tourn"]
[EventRounds "7"]
[EventCountry "ITA"]
[SourceTitle "EXT 2024"]
[Source "ChessBase"]
[SourceDate "2023.10.10"]
[SourceVersion "1"]
[SourceVersionDate "2023.10.10"]
[SourceQuality "1"]

1. e4 c5 2. c3 e6 3. d4 d5 4. e5 Nc6 5. Nf3 Qb6 6. a3 f6 7. Bd3 fxe5 8. dxe5 Nge7 9. 0-0 g6 10. b4 c4 11. Bc2 Bg7 12. Re1 0-0 13. Be3 Qc7 14. Bc5 Re8 15. Bd6 Qd8 16. b5 Na5 17. Nd4 Nf5 18. Bxf5 gxf5 19. Qh5 Bf8 20. Bc7 Qxc7 21. Qxe8 Qf7 22. Qd8 b6 23. Re3 Nb7 24. Rg3+ Kh8 25. Qg5 Nc5 26. Nd2 Bd7 27. a4 a6 28. Rb1 axb5 29. axb5 Nd3 30. Re3 Be7 31. Qh6 Rg8 32. Rxd3 cxd3 33. Qe3 Qg6 34. Qg3 Qxg3 35. hxg3 Ra8 36. Kf1 Kg7 37. N2b3 Rc8 38. Ra1 Kf7 39. Ra7 Ke8 40. Rb7 Rxc3 41. Rxb6 Bc5 42. Rb8+ Kf7 43. Ke1 Bb4 44. Kd1 Rc8 45. Rb7 Ke8 46. Nc1 Bc5 47. Ncb3 Bxd4 48. Nxd4 Rc4 49. Nc6 1/2-1/2

[Event "Olympiad-41"]
[Site "Tromsoe"]
[Date "2014.08.11"]
[Round "9.1"]
[White "Van Rensselaer, William"]
[Black "Hamperl, Fred A"]
[Result "0-1"]
[WhiteElo "1908"]
[BlackElo "2119"]
[PlyCount "112"]
[EventDate "2014.08.02"]
[EventType "team-swiss"]
[EventRounds "11"]
[EventCountry "NOR"]
[SourceTitle "CBM 162"]
[Source "ChessBase"]
[SourceDate "2014.09.17"]
[SourceVersion "1"]
[SourceVersionDate "2014.09.17"]
[SourceQuality "1"]
[WhiteTeam "US Virgin Islands"]
[BlackTeam "Guernsey"]
[WhiteTeamCountry "ISV"]
[BlackTeamCountry "GCI"]

1. d4 Nf6 2. Nf3 c5 3. e3 g6 4. Be2 Bg7 5. 0-0 b6 6. b3 Bb7 7. Bb2 0-0 8. Nbd2 d6 9. c4 e6 10. Qc2 Nbd7 11. Rfd1 Qe7 12. Nf1 Ne4 13. Bd3 f5 14. N3d2 Nxd2 15. Rxd2 Nf6 16. dxc5 dxc5 17. f3 Rad8 18. Rad1 Rd7 19. Ng3 Rfd8 20. Be2 Bc6 21. Rxd7 Rxd7 22. Rxd7 Nxd7 23. Kf2 Ne5 24. Qd2 Qd7 25. Qxd7 Bxd7 26. Bxe5 Bxe5 27. f4 Bb2 28. Bf3 b5 29. Ke2 Kf7 30. Kd3 e5 31. Bd5+ Kf6 32. Ne2 exf4 33. exf4 Ke7 34. Nc3 bxc4+ 35. Kxc4 Kd6 36. Bg8 h6 37. h4 Bc1 38. g3 Be3 39. Bf7 Be6+ 40. Bxe6 Kxe6 41. Ne2 Bf2 42. a3 Kd6 43. b4 cxb4 44. axb4 a6 45. h5 Ke6 46. hxg6 Kf6 47. Kd5 Kxg6 48. g4 fxg4 49. Ke6 Be1 50. f5+ Kg5 51. f6 Bxb4 52. f7 a5 53. Ng3 a4 54. Ne4+ Kg6 55. Nc3 a3 56. Na2 Bf8 0-1

[Event "Olympiad-41"]
[Site "Tromsoe"]
[Date "2014.08.09"]
[Round "7.2"]
[White "Hamperl, Fred A"]
[Black "Maduro, Sherman"]
[Result "0-1"]
[WhiteElo "2119"]
[BlackElo "1993"]
[PlyCount "84"]
[EventDate "2014.08.02"]
[EventType "team-swiss"]
[EventRounds "11"]
[EventCountry "NOR"]
[SourceTitle "CBM 162"]
[Source "ChessBase"]
[SourceDate "2014.09.17"]
[SourceVersion "1"]
[SourceVersionDate "2014.09.17"]
[SourceQuality "1"]
[WhiteTeam "Guernsey"]
[BlackTeam "Netherlands Antilles"]
[WhiteTeamCountry "GCI"]
[BlackTeamCountry "AHO"]

1. e4 Nf6 2. e5 Nd5 3. d4 Nc6 4. f4 d6 5. Nf3 dxe5 6. dxe5 Bg4 7. Be2 e6 8. c4 Bb4+ 9. Kf1 Nb6 10. b3 Qxd1+ 11. Bxd1 0-0-0 12. Kf2 Rhf8 13. Be3 f6 14. exf6 Rxf6 15. Nbd2 e5 16. Ne4 Rff8 17. Kg3 Bf5 18. Nf2 exf4+ 19. Bxf4 Bc3 20. Rc1 Bb2 21. Rc2 Bxc2 22. Bxc2 Nd4 23. Nxd4 Bxd4 24. Ne4 h6 25. h4 Nd7 26. h5 Nf6 27. Nd2 Rde8 28. Nf3 Ne4+ 29. Bxe4 Rxe4 30. Nxd4 Rxd4 31. Rh4 a5 32. Rg4 a4 33. Kf3 axb3 34. axb3 Rf7 35. Ke3 Rfd7 36. Rg6 c5 37. Re6 Rd3+ 38. Ke4 R3d4+ 39. Ke5 Rf7 40. g3 Rd1 41. Rb6 Kc7 42. Ke6+ Rxf4 0-1

[Event "Olympiad-41"]
[Site "Tromsoe"]
[Date "2014.08.08"]
[Round "6.2"]
[White "Wojciechowski, Paul"]
[Black "Hamperl, Fred A"]
[Result "0-1"]
[WhiteElo "2056"]
[BlackElo "2119"]
[PlyCount "56"]
[EventDate "2014.08.02"]
[EventType "team-swiss"]
[EventRounds "11"]
[EventCountry "NOR"]
[SourceTitle "CBM 162"]
[Source "ChessBase"]
[SourceDate "2014.09.17"]
[SourceVersion "1"]
[SourceVersionDate "2014.09.17"]
[SourceQuality "1"]
[WhiteTeam "Jersey"]
[BlackTeam "Guernsey"]
[WhiteTeamCountry "GCI"]
[BlackTeamCountry "GCI"]

1. e4 c5 2. Nf3 Nc6 3. Nc3 e5 4. Bc4 Be7 5. d3 Nf6 6. 0-0 0-0 7. g3 d6 8. Nh4 Bh3 9. Ng2 Nd4 10. f3 Qd7 11. Rf2 b5 12. Bd5 Rac8 13. Ne3 Be6 14. Ne2 Bxd5 15. exd5 Bd8 16. c4 bxc4 17. dxc4 Re8 18. b3 e4 19. Nxd4 cxd4 20. Qxd4 Bb6 21. Qc3 exf3 22. Rxf3 Nxd5 23. Qd3 Nb4 24. Qc3 Qb7 25. Kg2 Bxe3 26. Bxe3 Nd5 27. Qd4 Nxe3+ 28. Kf2 Nc2 0-1